بدن بازار / (Record no. 165908)

MARC details
000 -LEADER
fixed length control field 00692nam a22002417a 4500
005 - DATE AND TIME OF LATEST TRANSACTION
control field 20200320113754.0
010 ## - LCCN (DPL NO)
LC control number B-98171
020 ## - INTERNATIONAL STANDARD BOOK NUMBER
International Standard Book Number -
Terms of availability 50.00
035 ## - SYSTEM CONTROL NUMBER
System control number B-98171
037 ## - SOURCE OF ACQUISITION
Source of stock number/acquisition BPPD/Ven.
Stock number dpl
082 ## - DEWEY DECIMAL CLASSIFICATION NUMBER
Classification number ک
100 ## - MAIN ENTRY--PERSONAL NAME
Personal name آ غا با بر
245 ## - TITLE STATEMENT
Title بدن بازار /
Statement of responsibility, etc آ غا با بر
Medium Urdu
246 ## - VARYING FORM OF TITLE
Title proper/short title Badan Bazar (Urdu)
Remainder of title by Aagha Babar
250 ## - EDITION STATEMENT
Edition statement -
260 ## - PUBLICATION, DISTRIBUTION, ETC. (IMPRINT)
Place of publication, distribution, etc N.Delhi 5
Name of publisher, distributor, etc Ahluwalia Book Depot
270 ## - ADDRESS
Address 9988,New Rohtak Road,Gali No.6 Saray Rohila,
300 ## - PHYSICAL DESCRIPTION
Extent 208ص
Dimensions 22cm(Hbk)
490 ## - SERIES STATEMENT
Series statement Jaico illustrated classics series
942 ## - ADDED ENTRY ELEMENTS (KOHA)
Source of classification or shelving scheme Dewey Decimal Classification
Item type Urdu Bks
Call number suffix آ غ ا
Classification part ک
Holdings
Withdrawn status Lost status Not for loan Collection code Home library Current library Date acquired Source of acquisition Cost, normal purchase price Full call number Barcode Copy number Cost, replacement price Koha item type
      Fiction Central Library Central Library 04/07/2019 BPPD/Ven. 0.00 ک آ غ ا B-98171 1 0.00 Urdu Bks

© Delhi Public Library
Hit Counter
free hit counter